| 000 -ლიდერი |
| ფიქსირებული სიგრძის საკონტროლო ველი |
01294nam a22002297a 4500 |
| 003 - საკონტროლო ნომრის იდენტიფიკატორი |
| საკონტროლო ველი |
Ge_BSU |
| 005 - ბოლო ოპერაციის თარიღი და დრო |
| საკონტროლო ველი |
20200127112316.0 |
| 008 - ფიქსირებული სიგრძის მონაცემთა ელემენტები - ზოგადი ინფორმაცია |
| ფიქსირებული სიგრძის საკონტროლო ველი |
200127s2004 ||||| |||| 00| 0 geo d |
| 041 ## - ენის კოდი |
| Language code of text/sound track or separate title |
geo |
| 080 ## - უნივერსალური ათობითი კლასიფიკაციის ინდექსი |
| Universal Decimal Classification number |
347.95 ბ-78 |
| 100 ## - მთავარი ჩანაწერი - პიროვნების სახელი |
| Personal name |
ბოელინგი, ჰაინ. |
| 9 (RLIN) |
6386 |
| 245 ## - ცნობა სათაურის შესახებ |
| Title |
სამოქალაქო საქმეებზე სასამართლო გადაწყვეტილებათა მიღების მეთოდიკა=Die Arbeitsmethode des Richters im Zivilprozess / |
| Statement of responsibility, etc |
ჰაინ ბოელინგი ; ლადო ჭანტურია ; რედ. სოფიო ჩაჩავა. |
| 250 ## - გამოცემის ცნობა |
| Edition statement |
მე-2 გამოც. |
| 264 ## - წარმოების, გამოცემის, დისტრიბუციის და სხვა ცნობები |
| გამოცემის, წარმოების, დისტრიბუციის... ადგილი |
თბილისი : |
| გამოცემის, წარმოების, დისტრიბუციის... სახელწოდება |
ჯისიაი, |
| გამოცემის, წარმოების, დისტრიბუციის... თარიღი |
2004. |
| 300 ## - ფიზიკური აღწერა |
| Extent |
272 გვ. ; |
| Dimensions |
21 სმ. |
| 504 ## - BIBLIOGRAPHY, ETC. NOTE |
| Bibliography, etc |
ბიბლიოგრ. ტექსტის შენიშვნ |
| 653 ## - INDEX TERM--UNCONTROLLED |
| Uncontrolled term |
სამოქალაქო საქმეებზე სასამართლო გადაწყვეტილებათა მიღება |
| 653 ## - INDEX TERM--UNCONTROLLED |
| Uncontrolled term |
სამართალი |
| 700 ## - ADDED ENTRY--PERSONAL NAME |
| Personal name |
ჭანტურია, ლადო |
| 9 (RLIN) |
6387 |
| 700 ## - ADDED ENTRY--PERSONAL NAME |
| Personal name |
ჩაჩავა, სოფიო |
| Relator term |
რედაქტორი |
| 9 (RLIN) |
6388 |
| 942 ## - ADDED ENTRY ELEMENTS (KOHA) |
| Source of classification or shelving scheme |
|
| Koha item type |
წიგნი |